Quizzes
Events
Quiz Creation
Community
Videos
Private Events
Remove Ads
Sign In
Join for FREE
Feedback
Dark Mode
Quiz Categories
Sports
Geography
Music
Movies
Television
Just For Fun
Miscellaneous
History
Literature
Language
Science
Gaming
Entertainment
Religion
Holiday
For Kids
Quiz Lab
Recent
Popular Today
Quiz Kudos Today
Editor Picks
Curator Picks
Quizzes by...
Day
Popularity
Type
Ratings
Length
Year
Community
Subscriptions
Recent Discussions
Orange Saloon
Badges
Playlists
Quests
Create
Leaderboards
Showdown
Live 5
Trivia Bingo
Activity
Puzzle Library
Sporcle Events
Private Events
Virtual Trivia
Globe League
Become a Host
Pub Owners
SporcleCon
Opinionation
Our Games
Videos
Blog
Mobile Apps
Partnerships
Remove Ads and Go Orange
Feedback
Television
TV Characters
TV Show
Sitcom
Network
Friends
Reality Shows
Cast
South Park
Star Trek
The Simpsons
Doctor Who
Television
TV Characters
TV Show
Sitcom
Network
Friends
Reality Shows
Cast
South Park
Star Trek
The Simpsons
Doctor Who
Random Quiz
Search Sporcle
×
Quiz Lab
Quiz Lab
Television
Pokémon
Type in answers that appear in a list
Type in answers that appear in a list
Classic
Best Score? Go Orange.
Intro pokemon Season 1 Stats
Can you name the pokemon shown in the season 1 intro?
By
smart86
5m
30 Questions
286 Plays
286 Plays
286 Plays
Comments
Comments
Give Quiz Kudos
Give Quiz Kudos
-
- Ratings
hide this ad
Replay
Link that replays current quiz
Next Quiz
Link to next quiz in quiz playlist
You Got
0%
They Got
Avg Score
65%
Avg Friend Score
Upgrade to see
Score Distribution
Jump to the score distribution portion of the page
Score
0/30
Timer
05:00
0
Plays Today
Pokedex Number
Pokemon
% Correct
025
Pikachu
94.4%
004
Charmander
90.5%
151
Mew
90.2%
007
Squirtle
89.8%
001
Bulbasaur
88.8%
150
Mewtwo
88.1%
006
Charizard
83.5%
009
Blastoise
75.4%
012
Butterfree
74.7%
017
Pidgeotto
71.9%
003
Venusaur
70.9%
023
Ekans
69.1%
052
Meowth
68.8%
010
Caterpie
68.4%
109
Koffing
63.9%
Pokedex Number
Pokemon
% Correct
145
Zapdos
63.5%
144
Articuno
61.4%
026
Raichu
60.4%
078
Rapidash
57.5%
095
Onix
56.5%
148
Dragonair
54.7%
131
Lapras
53.7%
093
Haunter
53.3%
059
Arcanine
52.3%
027
Sandshrew
51.6%
041
Zubat
49.5%
130
Gyarados
44.2%
073
Tentacruel
41.4%
104
Cubone
35.1%
064
Kadabra
32.3%
Quiz Playlist
Details
Report
Send in Message
Add To Playlist
Classic:
Type in answers that appear in a list
Last Updated: Feb 16, 2017
Quiz Scoreboard
CHALLENGE
Sign Up to Join the Scoreboard
Show All
Scores
Hide
Comments
May contain spoilers
Recently Published
Billboard Blitz: Fleetwood Mac
by CooCooCachoo
Music
15s
Presidents Visiting Landmarks
by Hejman
History
7m
An Introduction to Baseball
by treessimontrees
Sports
5m
More to Explore
Quiz From the Vault
Featured Blog Post
Where Did the Easter Bunny Come From?
hide this ad
You Might Also Like...
Tags
Pokémon Quiz
intro
season
Today's Top Quizzes in Television
Browse Television
hide this ad
Today's Top Quizzes in Pokémon
Browse Pokémon
Top Contributed Quizzes in Television
1
5-to-1: The Simpsons Families
2
5-to-1: Television Doctors
3
7-to-1: TV Show Settings
4
One Piece Logic Puzzle
5
5-to-1: Streaming Originals
6
Survivor Seasons
7
Survivor Logic Puzzle: Heroes vs. Villains
8
TV Shows by First Names
9
Survivor Season by Logo
10
Survivor Trivia
Explore More
Trending Topics
Anime
Crossword
Harry Potter
Kpop
Marvel
Disney
NBA
Song
The Office
NFL
WWE
Pokémon
Soccer
Country
Puzzle
hide this ad
More By:
smart86
Quiz
Plays
Rating
Category
Featured
Created
cw11 'Supernatural' characters
2,259
1.71
Television
Mar 23, 2010
cw11's 'supernatural' beings
997
4.00
Television
Mar 22, 2010
Intro pokemon Season 1
286
5.00
Television
Apr 19, 2010
Intro Pokemon Season 2
47
3.00
Television
Apr 19, 2010
Intro Pokemon Season 3
43
3.00
Television
Apr 19, 2010
Go to Creator's Profile
Score Distribution
Quiz Creator Spotlight
smart86
Follow
Send a Message
Quizzes Created
-
Created Quiz Play Count
-
More By This Creator
Popular Quizzes Today
1
Find the US States - No Outlines Minefield
2
Find the Countries of Europe - No Outlines Minefield
3
The Countries of the World
4
Find the US States
5
US States
6
Risky Map Clicking: Biggest States A-Z
7
Popular People in 1961
8
Movies - When Are They Set?
More Television Quizzes
Commonest Words in Seinfeld
Editor's Pick
Trending Quizzes
Risky Map Clicking: Least Populous States A-Z
1-10 Letter G Words
1-10 Letter F Words
Risky Map Clicking: Next State Alphabetically
Risky Map Clicking: Biggest States A-Z
Recently Updated
Leaping Animals
pecheneg
Reality TV Shows (A-Z)
bhenderson79
Rickey Henderson's Hall of Fame Teammates
pecheneg
Champions League XIs: Arsenal
pecheneg
Quick Pick: Celebrities in WWE's Hall of Fame
aduchscher
A-Z Keypad Blitz II
pecheneg
Multiple Oscar Actors
pecheneg
Mystery Phrase Blitz: Oscar 'Best Actors'
pecheneg
F. Scott Fitzgerald Novels
LTH
Pick 3 Villains
ddd62291
Trending Topics
Kpop
NBA
Disney
Crossword
Marvel
Harry Potter
Anime
The Office
Song
Puzzle
Pokémon
NFL
Soccer
WWE
Country
Your Account Isn't Verified!
In order to create a playlist on Sporcle, you need to verify the email address you used during registration. Go to your
Sporcle Settings
to finish the process.
Report this User
Report this user for behavior that violates our
Community Guidelines
.
Details:
Send Report
Go to the Sporcle.com Mobile Site →
Comments